Quick Pick: Recyclable or Not? Quiz Stats

 Plays Quiz Updated Apr 22, 2017

Challenge
Share
Tweet
Embed
Score 0/10 Timer 00:30
5 Plays Today
% Correct
Paper
95%
Glass
93.5%
Aluminium
91.1%
Milk cartons
83.5%
Steel cans
82.5%
Gold
64.5%
PET bottles
63%
Battery
60.9%
Automotive oil
55.6%
Gypsum
29.3%

Today's Daily Dose

You're not logged in!

Compare scores with friends on all Sporcle quizzes.
Join for Free
OR
Log In

You Might Also Like...

Show Comments

Extras

Top Quizzes Today


Score Distribution

Your Account Isn't Verified!

In order to create a playlist on Sporcle, you need to verify the email address you used during registration. Go to your Sporcle Settings to finish the process.

Report this User

Report this user for behavior that violates our Community Guidelines.

Details: